000 01232cam a22002174a 4500
005 20250605163933.0
008 250528s ||||||||||||||||||||||||d
035 _a14767
020 _a879011440
040 _aGR-AtMCL
_bgre
_dGR-AtMCL
_eAACR2
245 1 _aDiscovering Sociology / Study Guide to Accompany Ian Robertson Sociology
250 _a2nd
260 _bWorth Publishers, Inc,
_c1981
300 _a404
520 _aIntroduction to Sociology, Sociology: A New Look at a Familiar World, Doing Sociology: The Methods of Research, The Individual and Culture and Society, Culture, Society, Socialization, Social Interaction in Every-day Life, Social Groups, Deviance, Sexuality and Society, Social Inequality, Social Stratfication, Inequalities of Social Class, Inequalities of Race and Ethicity, Inequalities of Gender and Age, Social Institutions, The Family, Education, Religion, Science, The Economic Order, The Political Order, Social Change in the Modern World, Population and Health, Urbanization and Urban Life, Collective Behavior and Social Movements, Social Change and Modernization.
700 1 _aClarke Alfred A.Jr
_9524
700 1 _aHowery Carla B
_9525
942 _cBK
999 _c386
_d386